Most Spoken Languages of Africa - Statistics

General Stats
  • This quiz has been taken 232 times
  • The average score is 7 of 10
Answer Stats
Hint Answer % Correct
100,000,000 Arabic
96%
700,000,000 English
94%
90,000,000 French
92%
100,000,000 Swahili
87%
10,000,000 Zulu
69%
19,000,000 Amharic
66%
24,000,000 Igbo
66%
30,000,000 Yoruba
62%
50,000,000 Hausa
55%
30,000,000 Oromo
39%
No matching quizzes found
Score Distribution
Percent of People with Each Score
Percentile by Number Answered
Your Score History
You have not taken this quiz